Statistics for Click to Translate - Finnish

Click here to take the quiz!

General Stats

  • This quiz has been taken 1,164 times
  • The average score is 13 of 20

Answer Stats

HintAnswer% Correct
FinlandSuomi
92%
WineViini
90%
Thank youKiitos
72%
RestaurantRavintola
70%
CatKissa
69%
BankPankki
68%
BedroomMakuuhuone
65%
BlackMusta
63%
SonPoika
63%
ElevenYksitoista
61%
BicyclePolkupyörä
60%
JanuaryTammikuu
59%
TablePöytä
58%
TreePuu
58%
HandKäsi
57%
BuyOstaa
55%
EatSyödä
55%
OurMeidän
54%
PrettyNätti
53%
YesterdayEilen
51%

Score Distribution

Percentile by Number Answered

Percent of People with Each Score

Your Score History

You have not taken this quiz